<?xml version="1.0" encoding="UTF-8"?><marc:collection xmlns:marc="http://www.loc.gov/MARC21/slim">
  <marc:record>
    <marc:leader>01486cam a2200469 cb4500</marc:leader>
    <marc:controlfield tag="001">99148542954203331</marc:controlfield>
    <marc:controlfield tag="003">AT-OBV</marc:controlfield>
    <marc:controlfield tag="005">20241008092308.0</marc:controlfield>
    <marc:controlfield tag="007">tu</marc:controlfield>
    <marc:controlfield tag="008">230705s2023    ||||||||      00| ||fre c</marc:controlfield>
    <marc:controlfield tag="009">AC17322449</marc:controlfield>
    <marc:datafield tag="020" ind1=" " ind2=" ">
      <marc:subfield code="a">9782745359476</marc:subfield>
      <marc:subfield code="c">98.00 EUR</marc:subfield>
      <marc:subfield code="q">Broschur</marc:subfield>
    </marc:datafield>
    <marc:datafield tag="024" ind1="3" ind2=" ">
      <marc:subfield code="a">9782745359476</marc:subfield>
    </marc:datafield>
    <marc:datafield tag="035" ind1=" " ind2=" ">
      <marc:subfield code="a">(AT-OBV)AC17322449</marc:subfield>
    </marc:datafield>
    <marc:datafield tag="035" ind1=" " ind2=" ">
      <marc:subfield code="a">(DE-627)1851850449</marc:subfield>
    </marc:datafield>
    <marc:datafield tag="035" ind1=" " ind2=" ">
      <marc:subfield code="a">(DE-599)KXP1851850449</marc:subfield>
    </marc:datafield>
    <marc:datafield tag="035" ind1=" " ind2=" ">
      <marc:subfield code="a">(OCoLC)1390728206</marc:subfield>
    </marc:datafield>
    <marc:datafield tag="035" ind1=" " ind2=" ">
      <marc:subfield code="a">(ZDB-21-EIL)5508246</marc:subfield>
    </marc:datafield>
    <marc:datafield tag="040" ind1=" " ind2=" ">
      <marc:subfield code="a">AT-UBW</marc:subfield>
      <marc:subfield code="b">ger</marc:subfield>
      <marc:subfield code="c">DE-627</marc:subfield>
      <marc:subfield code="d">AT-UBW</marc:subfield>
      <marc:subfield code="e">rda</marc:subfield>
    </marc:datafield>
    <marc:datafield tag="041" ind1=" " ind2=" ">
      <marc:subfield code="a">fre</marc:subfield>
    </marc:datafield>
    <marc:datafield tag="044" ind1=" " ind2=" ">
      <marc:subfield code="c">XA-FR</marc:subfield>
    </marc:datafield>
    <marc:datafield tag="050" ind1=" " ind2="0">
      <marc:subfield code="a">PQ</marc:subfield>
    </marc:datafield>
    <marc:datafield tag="082" ind1="0" ind2=" ">
      <marc:subfield code="a">843</marc:subfield>
      <marc:subfield code="2">14</marc:subfield>
    </marc:datafield>
    <marc:datafield tag="084" ind1=" " ind2=" ">
      <marc:subfield code="a">17.81</marc:subfield>
      <marc:subfield code="2">bkl</marc:subfield>
    </marc:datafield>
    <marc:datafield tag="084" ind1=" " ind2=" ">
      <marc:subfield code="a">17.97</marc:subfield>
      <marc:subfield code="2">bkl</marc:subfield>
    </marc:datafield>
    <marc:datafield tag="084" ind1=" " ind2=" ">
      <marc:subfield code="a">18.23</marc:subfield>
      <marc:subfield code="2">bkl</marc:subfield>
    </marc:datafield>
    <marc:datafield tag="084" ind1=" " ind2=" ">
      <marc:subfield code="a">IG 7157</marc:subfield>
      <marc:subfield code="2">rvk</marc:subfield>
    </marc:datafield>
    <marc:datafield tag="100" ind1="1" ind2=" ">
      <marc:subfield code="a">Sand, George</marc:subfield>
      <marc:subfield code="d">1804-1876</marc:subfield>
      <marc:subfield code="0">(DE-588)118605348</marc:subfield>
      <marc:subfield code="4">aut</marc:subfield>
    </marc:datafield>
    <marc:datafield tag="245" ind1="1" ind2="0">
      <marc:subfield code="a">Mauprat</marc:subfield>
      <marc:subfield code="c">George Sand ; édition critique par François Kerlouégan</marc:subfield>
    </marc:datafield>
    <marc:datafield tag="264" ind1=" " ind2="1">
      <marc:subfield code="a">Paris</marc:subfield>
      <marc:subfield code="b">Honoré Champion Éditeur</marc:subfield>
      <marc:subfield code="c">2023</marc:subfield>
    </marc:datafield>
    <marc:datafield tag="300" ind1=" " ind2=" ">
      <marc:subfield code="a">651 Seiten</marc:subfield>
      <marc:subfield code="b">Illustrationen</marc:subfield>
    </marc:datafield>
    <marc:datafield tag="336" ind1=" " ind2=" ">
      <marc:subfield code="b">txt</marc:subfield>
    </marc:datafield>
    <marc:datafield tag="337" ind1=" " ind2=" ">
      <marc:subfield code="b">n</marc:subfield>
    </marc:datafield>
    <marc:datafield tag="338" ind1=" " ind2=" ">
      <marc:subfield code="b">nc</marc:subfield>
    </marc:datafield>
    <marc:datafield tag="490" ind1="1" ind2=" ">
      <marc:subfield code="a">Œuvres complètes / George Sand ; sous la direction de Béatrice Didier</marc:subfield>
      <marc:subfield code="v">1837</marc:subfield>
    </marc:datafield>
    <marc:datafield tag="490" ind1="1" ind2=" ">
      <marc:subfield code="a">Textes de littérature moderne et contemporaine</marc:subfield>
      <marc:subfield code="v">245</marc:subfield>
    </marc:datafield>
    <marc:datafield tag="689" ind1="0" ind2="0">
      <marc:subfield code="a">Sand, George</marc:subfield>
      <marc:subfield code="d">1804-1876</marc:subfield>
      <marc:subfield code="t">Mauprat</marc:subfield>
      <marc:subfield code="D">u</marc:subfield>
      <marc:subfield code="0">(DE-588)4248821-7</marc:subfield>
    </marc:datafield>
    <marc:datafield tag="689" ind1="0" ind2=" ">
      <marc:subfield code="5">AT-OBV</marc:subfield>
      <marc:subfield code="5">(DE-627)</marc:subfield>
    </marc:datafield>
    <marc:datafield tag="700" ind1="1" ind2=" ">
      <marc:subfield code="a">Kerlouégan, François</marc:subfield>
      <marc:subfield code="d">1972-</marc:subfield>
      <marc:subfield code="0">(DE-588)114681576X</marc:subfield>
      <marc:subfield code="4">edt</marc:subfield>
    </marc:datafield>
    <marc:datafield tag="776" ind1="0" ind2="8">
      <marc:subfield code="i">Erscheint auch als</marc:subfield>
      <marc:subfield code="n">Online-Ausgabe</marc:subfield>
      <marc:subfield code="z">9782745359483</marc:subfield>
    </marc:datafield>
    <marc:datafield tag="830" ind1=" " ind2="0">
      <marc:subfield code="w">(AT-OBV)AC06841031</marc:subfield>
      <marc:subfield code="v">245</marc:subfield>
    </marc:datafield>
    <marc:datafield tag="830" ind1=" " ind2="0">
      <marc:subfield code="w">(AT-OBV)AC01055247</marc:subfield>
      <marc:subfield code="v">1837</marc:subfield>
    </marc:datafield>
  </marc:record>
</marc:collection>
